000 00528nam a22002057a 4500
003 OSt
005 20251018133202.0
008 251018b |||||||| |||| 00| 0 eng d
020 _a8184884516
020 _a9788184884518
040 _cDDC
082 _a657 GAN 2014
100 _aGanwar, Sharda; Wild, John
_919480
245 _aFundamental Accounting Principles
250 _aAsian ed.
260 _aMombai; Himalaya publishing, 2014
300 _a330p.; Ill: 25cm
650 _aAccounting
_91379
942 _2ddc
_cO_SHELF
999 _c9575
_d9575